000 00715nam a2200181Ia 4500
008 100921s9999 xx 000 0 und d
082 _b17955
_a923.6 थ 82
100 _aभावे पुरूषोत्तम भास्कर.
245 _aसावरकर नावाची ज्योत.
260 _bसन पब्लिकेशन,पुणे.
_c1982
300 _a118
_b---
365 _b16
520 _aचरित्रे-समाजसुधारक.
630 _aसावरकर नावाची ज्योत.
650 _aचरित्रे-समाजसुधारक.
730 _aसावरकर नावाची ज्योत.
942 _cBOOK
999 _c767068
_d767065